[Event "Sparkassen-Open A"]
[Site "Heusenstamm, Martinsee"]
[Date "2021.11.18"]
[Round "1.16"]
[White "Buchholz, Maja"]
[Black "Hirneise, Jens"]
[Result "0-1"]
[WhiteElo "1930"]
[BlackElo "2284"]
[PlyCount "98"]
[EventDate "2021.??.??"]
[WhiteTeam "SK Langen"]
[BlackTeam "SC Böblingen"]

{[%evp 0,24,17,-27,57,25,4,-5,25,11,19,23,24,24,16,17,8,4,8,-24,-16,-27,15,-20,
-8,-7,58]} 1. c4 g6 2. g3 Bg7 {[%emt 0:00:04]} 3. Bg2 {[%emt 0:00:09]} d6 {
[%emt 0:00:53]} 4. Nf3 {[%emt 0:00:19]} Nf6 {[%emt 0:01:23]} 5. Nc3 {[%emt 0:
00:15]} O-O {[%emt 0:00:32]} 6. O-O {[%emt 0:00:08]} Nc6 {[%emt 0:00:53]} 7. d4
{[%emt 0:00:14]} Bf5 {[%emt 0:00:45]} 8. Re1 {[%emt 0:00:36]} Ne4 {[%emt 0:02:
14]} 9. Nd5 {[%emt 0:05:09]} Qd7 {[%emt 0:11:19]} 10. a3 {[%emt 0:06:07]} a5 {
[%emt 0:05:52]} 11. b3 {[%emt 0:01:31]} h6 {[%emt 0:06:13]} 12. Bb2 {[%emt 0:
01:47]} g5 {[%emt 0:02:22]} 13. Nd2 Nxd2 {[%emt 0:05:07]} 14. Qxd2 {[%emt 0:00:
08]} Bg6 {[%emt 0:00:59]} 15. e4 {[%emt 0:04:48]} e6 {[%emt 0:07:01]} 16. Ne3 {
[%emt 0:00:37]} Ne7 {[%emt 0:01:31]} 17. Rad1 {[%emt 0:05:20]} b5 {[%emt 0:07:
19]} 18. Bc3 {[%emt 0:04:36]} a4 {[%emt 0:05:44]} 19. b4 {[%emt 0:01:46]} c6 {
[%emt 0:01:14]} 20. d5 {[%emt 0:07:17]} Bxc3 {[%emt 0:04:53]} 21. Qxc3 {
[%emt 0:01:01]} exd5 {[%emt 0:08:41]} 22. exd5 {[%emt 0:05:26]} cxd5 {[%emt 0:
00:34]} 23. Rxd5 {[%emt 0:09:18]} bxc4 {[%emt 0:02:38]} 24. Qd4 {[%emt 0:08:01]
} Qa7 {[%emt 0:12:18]} 25. Rxd6 {[%emt 0:05:05]} Qxd4 {[%emt 0:00:23]} 26. Rxd4
{[%emt 0:00:12]} Rad8 {[%emt 0:02:04]} 27. Rxc4 {[%emt 0:00:22]} Rd3 {[%emt 0:
00:20]} 28. Nc2 {[%emt 0:01:09]} Nc8 {[%emt 0:01:49]} 29. Rc6 {[%emt 0:05:47]}
Nd6 {[%emt 0:01:13]} 30. Bf1 {[%emt 0:02:17]} Rd2 {[%emt 0:00:23]} 31. Ne3 {
[%emt 0:01:30]} Rb8 {[%emt 0:01:12]} 32. Ra6 {[%emt 0:01:36]} Ne4 {[%emt 0:01:
13]} 33. Nc4 {[%emt 0:01:37]} Rd4 {[%emt 0:00:50]} 34. Rxa4 {[%emt 0:00:49]} g4
{[%emt 0:00:55]} 35. Ne5 {[%emt 0:00:32]} Nd2 {[%emt 0:00:50]} 36. Re3 {
[%emt 0:03:07]} Rc8 {[%emt 0:00:56]} 37. Nxg6 {[%emt 0:02:03]} Rc1 {[%emt 0:01:
10]} 38. Ne7+ {[%emt 0:00:20]} Kh7 {[%emt 0:00:58]} 39. Kg2 {[%emt 0:02:41]}
Nxf1 {[%emt 0:00:33]} 40. Re2 {[%emt 0:00:54]} Nxh2 {[%emt 0:01:58]} 41. Ng8 {
[%emt 0:07:17]} Kxg8 {[%emt 0:02:46]} 42. Kxh2 {[%emt 0:04:02]} Rdd1 {[%emt 0:
00:17]} 43. f4 {[%emt 0:02:03]} gxf3 {[%emt 0:00:51]} 44. Re8+ {[%emt 0:00:04]}
Kg7 {[%emt 0:00:10]} 45. g4 {[%emt 0:00:32]} f2 {[%emt 0:00:47]} 46. Raa8 {
[%emt 0:00:43]} f1=Q {[%emt 0:00:58]} 47. g5 {[%emt 0:00:34]} Rd2+ {[%emt 0:00:
19]} 48. Kg3 {[%emt 0:00:14]} Rg2+ 49. Kh4 {[%emt 0:00:13]} Qh1# {[%emt 0:00:
07]} 0-1

[Event "Sparkassen-Open A"]
[Site "Heusenstamm, Martinsee"]
[Date "2021.11.18"]
[Round "1.17"]
[White "Deuer, Marius"]
[Black "Niebler, Paul"]
[Result "1-0"]
[WhiteElo "2282"]
[BlackElo "1956"]
[PlyCount "77"]
[EventDate "2021.??.??"]
[WhiteTeam "TG Biberach"]
[BlackTeam "VL Frankfurt"]

1. d4 Nf6 2. c4 g6 3. g3 Bg7 4. Bg2 O-O 5. Nc3 d6 6. Nf3 Nbd7 7. O-O c6 8. h3
e5 9. e4 Re8 10. Be3 Qc7 11. Re1 a5 12. Rc1 exd4 13. Nxd4 Nc5 14. Qc2 Ne6 15.
f4 Nh5 16. Nde2 Nf6 17. g4 Nd7 18. Qd2 Nb6 19. b3 a4 20. Rf1 axb3 21. axb3 Nd7
22. b4 Nb6 23. Qd3 Nf8 24. c5 dxc5 25. bxc5 Na4 26. e5 Nxc3 27. Nxc3 Ra3 28.
Qe2 Qa5 29. Ne4 Ra2 30. Rc2 Rxc2 31. Qxc2 Ne6 32. Nd6 Rd8 33. f5 Nc7 34. e6
fxe6 35. f6 Bxf6 36. Qf2 Nd5 37. Bxd5 exd5 38. Qxf6 Qb4 39. Qxd8+ 1-0

[Event "Sparkassen-Open A"]
[Site "Heusenstamm, Martinsee"]
[Date "2021.11.18"]
[Round "1.18"]
[White "Bäumer, Frank"]
[Black "Suvorov, Luca"]
[Result "0-1"]
[WhiteElo "1939"]
[BlackElo "2280"]
[PlyCount "118"]
[EventDate "2021.??.??"]
[WhiteTeam "Gambit Gusenburg"]
[BlackTeam "SG Porz"]

1. e4 e5 2. Nf3 Nc6 3. Bc4 Nf6 4. d4 exd4 5. O-O Nxe4 6. Re1 d5 7. Bxd5 Qxd5 8.
Nc3 Qh5 9. Nxe4 Be6 10. Bg5 h6 11. Bf6 Qg6 12. Nh4 Qh7 13. Qh5 Kd7 14. Rad1 Kc8
15. Bxd4 Nxd4 16. Rxd4 Be7 17. Nf3 g5 18. Nfd2 Qf5 19. Nc4 a5 20. Qd1 h5 21.
Ng3 Qg6 22. Ne4 Qg7 23. Qd2 Bxc4 24. Rxc4 Rd8 25. Qc3 Qxc3 26. Nxc3 Bb4 27. a3
Bxc3 28. Rxc3 Ra6 29. Kf1 Rad6 30. Re7 c6 31. Rce3 f6 32. R7e6 Kc7 33. Rxd6
Rxd6 34. Ke2 b5 35. b4 a4 36. g3 c5 37. c3 Kc6 38. h3 Kd5 39. Rd3+ Ke5 40. f4+
gxf4 41. gxf4+ Ke6 42. bxc5 Rc6 43. Ke3 Rxc5 44. Ke4 h4 45. Kf3 Rd5 46. Re3+
Kf5 47. Re4 Rd3+ 48. Re3 Rd1 49. Ke2 Ra1 50. Rd3 Kxf4 51. c4 Ra2+ 52. Kd1 Ke4
53. Rc3 Kd4 54. Rf3 Kxc4 55. Rxf6 Rxa3 56. Rf4+ Kc3 57. Rxh4 b4 58. Rh8 Ra1+
59. Ke2 Rh1 0-1

[Event "Sparkassen-Open A"]
[Site "Heusenstamm, Martinsee"]
[Date "2021.11.18"]
[Round "1.19"]
[White "Hahn, Markus"]
[Black "Poschadel, Andreas Gregor"]
[Result "1-0"]
[WhiteElo "2264"]
[BlackElo "1906"]
[PlyCount "81"]
[EventDate "2021.??.??"]
[WhiteTeam "SVG Caissa Kassel"]
[BlackTeam "Hamelner SV"]

1. d4 Nf6 2. c4 g6 3. Nc3 d5 4. Nf3 Bg7 5. Bg5 Ne4 6. Bh4 Nxc3 7. bxc3 c6 8. e3
O-O 9. Qb3 b6 10. a4 Bb7 11. cxd5 cxd5 12. a5 Ba6 13. Bxa6 Nxa6 14. axb6 axb6
15. O-O Qd6 16. Rab1 Rac8 17. Qxb6 Rc6 18. Qb7 f6 19. Bg3 Qe6 20. Ne1 Rfc8 21.
Nd3 g5 22. Ra1 h5 23. h4 Rb6 24. Rxa6 Rxa6 25. Nc5 Rb6 26. Qa7 Rxc5 27. dxc5
Rc6 28. Rb1 Qe4 29. Qa8+ Kh7 30. Qxc6 Qxb1+ 31. Kh2 gxh4 32. Bxh4 Qe4 33. Bg3
e5 34. Qd7 f5 35. f3 Qxe3 36. Qxf5+ Kh6 37. Qe6+ Kg5 38. Qxd5 Qxc3 39. c6 Bf6
40. f4+ Kg4 41. Qe6# 1-0

[Event "Sparkassen-Open A"]
[Site "Heusenstamm, Martinsee"]
[Date "2021.11.18"]
[Round "1.20"]
[White "Zimmer, Gerald"]
[Black "Kersten, Uwe"]
[Result "0-1"]
[WhiteElo "1941"]
[BlackElo "2254"]
[PlyCount "90"]
[EventDate "2021.??.??"]
[WhiteTeam "SC Bergen-Enkheim"]
[BlackTeam "Sfr. Bad Emstal/Wolfhagen"]

1. d4 Nf6 2. Nf3 e6 3. c4 c5 4. Nc3 cxd4 5. Nxd4 a6 6. g3 Qc7 7. e3 Be7 8. Be2
O-O 9. O-O d6 10. Qc2 b6 11. b3 Bb7 12. Bf3 Bxf3 13. Nxf3 b5 14. cxb5 axb5 15.
Qd3 b4 16. Nb5 Qb7 17. Nfd4 d5 18. a3 bxa3 19. Bxa3 Bxa3 20. Rxa3 Rxa3 21. Nxa3
Nbd7 22. Rc1 Rc8 23. Rxc8+ Qxc8 24. Qc2 Qa6 25. Nab5 h5 26. Nc7 Qa1+ 27. Kg2
Qe1 28. Qe2 Qa5 29. Ncb5 Qb6 30. b4 Ne5 31. Qa2 Nd3 32. Qa8+ Kh7 33. Qa5 Qb8
34. Nc6 Qb7 35. Nba7 Qd7 36. b5 e5 37. Qd2 Qf5 38. b6 Ne4 39. Qe2 Nexf2 40. b7
Qe4+ 41. Qf3 Ne1+ 42. Kxf2 Qxf3+ 43. Kxe1 Qxe3+ 44. Kf1 Qc1+ 45. Kf2 Qb2+ 0-1

[Event "Sparkassen-Open A"]
[Site "Heusenstamm, Martinsee"]
[Date "2021.11.18"]
[Round "1.21"]
[White "Neukirchner, Pascal"]
[Black "Oster, Klaus"]
[Result "1-0"]
[WhiteElo "2230"]
[BlackElo "1937"]
[PlyCount "71"]
[EventDate "2021.??.??"]
[WhiteTeam "SK Gründau"]
[BlackTeam "SF Sailauf"]

1. d4 Nf6 2. c4 e6 3. g3 d5 4. Nf3 Bb4+ 5. Bd2 Be7 6. Bg2 O-O 7. O-O c6 8. Qc2
Nbd7 9. Bf4 b6 10. Rd1 Ba6 11. Ne5 Qc8 12. Nc3 Nh5 13. Bc1 Nhf6 14. Bf4 Nh5 15.
Bd2 Nhf6 16. Rac1 Bb7 17. Qa4 Nxe5 18. dxe5 Nd7 19. cxd5 Nc5 20. dxc6 Ba6 21.
Qg4 b5 22. Bh6 g6 23. b4 Na4 24. Ne4 Nb6 25. Bg5 h5 26. Qf4 Nd5 27. Rxd5 Bxg5
28. Qxg5 exd5 29. Nf6+ Kg7 30. Nxh5+ Kh7 31. Nf6+ Kg7 32. Ng4 Rh8 33. Qf6+ Kg8
34. Bxd5 Qf5 35. Bxf7+ Kh7 36. Qe7 1-0

[Event "Sparkassen-Open A"]
[Site "Heusenstamm, Martinsee"]
[Date "2021.11.18"]
[Round "1.23"]
[White "Hommer, Jeremy"]
[Black "Stumpf, Daniel"]
[Result "1-0"]
[WhiteElo "2171"]
[BlackElo "1931"]
[PlyCount "69"]
[EventDate "2021.??.??"]
[WhiteTeam "Hamburger SK"]
[BlackTeam "SW Lichtenrade"]

1. d4 e6 2. e4 c5 3. d5 exd5 4. exd5 d6 5. Nf3 Nf6 6. Be2 Be7 7. O-O O-O 8. c4
Na6 9. Nc3 Nc7 10. h3 Bd7 11. a4 b6 12. Re1 Re8 13. Bd3 a6 14. Bf4 h6 15. Qd2
Bf8 16. Rxe8 Bxe8 17. Re1 b5 18. b3 bxa4 19. bxa4 Rb8 20. Bc2 Rb4 21. Qd3 Na8
22. Bd2 Rb8 23. g4 g6 24. g5 hxg5 25. Bxg5 Bg7 26. Ne4 Bd7 27. Nxd6 Bxa4 28.
Nxf7 Bxc2 29. Qxc2 Kxf7 30. Ne5+ Kg8 31. Nc6 Qe8 32. Rxe8+ Rxe8 33. Qxg6 Re1+
34. Kg2 Ne4 35. Bh6 1-0

[Event "Sparkassen-Open A"]
[Site "Heusenstamm, Martinsee"]
[Date "2021.11.18"]
[Round "1.24"]
[White "Rutsatz, Mario"]
[Black "Sieber, Fiona"]
[Result "0-1"]
[WhiteElo "1929"]
[BlackElo "2207"]
[PlyCount "68"]
[EventDate "2021.??.??"]
[WhiteTeam "SF Frankfurt"]
[BlackTeam "SG Aufbau Elbe Magdeburg"]

1. c4 e5 2. Nc3 Nf6 3. Nf3 Nc6 4. e3 Bb4 5. Qc2 O-O 6. a3 Bxc3 7. Qxc3 Re8 8.
Be2 d5 9. d4 Bg4 10. dxe5 Bxf3 11. Bxf3 Nxe5 12. Bxd5 Nxd5 13. cxd5 Qxd5 14.
O-O Rad8 15. b4 Re6 16. f3 Rc6 17. Qd4 Qxd4 18. exd4 Nc4 19. Re1 f6 20. b5 Rb6
21. Bf4 Rxb5 22. Bxc7 Rxd4 23. Bb8 Rb2 24. Re7 Rdd2 25. Rc1 Kf8 26. Re4 Rxg2+
27. Kh1 Ne5 28. Bxe5 fxe5 29. Rh4 h6 30. Rc8+ Kf7 31. Rc7+ Kf6 32. Rxb7 Rxh2+
33. Rxh2 Rxb7 34. Rc2 Kf5 0-1

[Event "Sparkassen-Open A"]
[Site "Heusenstamm, Martinsee"]
[Date "2021.11.18"]
[Round "1.25"]
[White "Laux, Dominik"]
[Black "Plum, Paul"]
[Result "1/2-1/2"]
[WhiteElo "2205"]
[BlackElo "1851"]
[PlyCount "80"]
[EventDate "2021.??.??"]
[WhiteTeam "SV Hofheim"]
[BlackTeam "SV Koblenz"]

1. d4 Nf6 2. Bg5 d5 3. e3 Bf5 4. Bxf6 exf6 5. Bd3 Bxd3 6. Qxd3 c6 7. Ne2 Qb6 8.
b3 Bb4+ 9. c3 Bd6 10. O-O Qa6 11. c4 Nd7 12. Rd1 dxc4 13. bxc4 O-O 14. Nd2 Rfd8
15. Qb3 Bf8 16. Nc3 b6 17. e4 Qa5 18. Rab1 Rac8 19. Nf3 Nb8 20. g3 g6 21. Kg2
Bg7 22. Rd3 f5 23. Re1 Nd7 24. e5 Nc5 25. Qc2 Nxd3 26. Qxd3 Qa3 27. Qe3 Re8 28.
Rb1 Qe7 29. Re1 Qb4 30. Qd3 Qa3 31. Qd2 Bf8 32. Rb1 Qe7 33. Qd1 f6 34. Qa4 fxe5
35. Nxe5 Qd6 36. Qxa7 Qxd4 37. Qf7+ Kh8 38. Qf6+ Bg7 39. Nf7+ Kg8 40. Nh6+ Kh8
1/2-1/2

[Event "Sparkassen-Open A"]
[Site "Heusenstamm, Martinsee"]
[Date "2021.11.18"]
[Round "1.26"]
[White "Speck, Stefan"]
[Black "Poysti, Nathanael"]
[Result "0-1"]
[WhiteElo "1928"]
[BlackElo "2192"]
[PlyCount "82"]
[EventDate "2021.??.??"]
[WhiteTeam "SG Solingen"]
[BlackTeam "Wien"]

1. e4 e5 2. Nf3 Nc6 3. Be2 Nf6 4. d3 Bc5 5. c3 d6 6. Nbd2 a5 7. a4 O-O 8. O-O
Ba7 9. Qc2 h6 10. Nc4 Re8 11. Be3 Bxe3 12. Nxe3 d5 13. Rad1 Be6 14. exd5 Bxd5
15. Nxd5 Qxd5 16. Nd2 Rad8 17. Ne4 Re6 18. Bf3 Nxe4 19. dxe4 Qc5 20. Rxd8+ Nxd8
21. Rd1 Rd6 22. Rd5 Rxd5 23. exd5 b6 24. Qf5 Qd6 25. h4 g6 26. Qc8 Kg7 27. h5
gxh5 28. Be4 Kf8 29. Qf5 h4 30. Qg4 Qe7 31. Kh2 Qg5 32. Kh3 Qxg4+ 33. Kxg4 Nb7
34. Kf5 Nc5 35. Bc2 Nd7 36. Bd3 Ke7 37. Bb5 Nf6 38. f3 Nxd5 39. Kxe5 Ne3 40.
Kf4 Nxg2+ 41. Kg4 Kf6 0-1

[Event "Sparkassen-Open A"]
[Site "Heusenstamm, Martinsee"]
[Date "2021.11.18"]
[Round "1.27"]
[White "Chandler, Patrick"]
[Black "Eurich, Jannik"]
[Result "1-0"]
[WhiteElo "2176"]
[BlackElo "1907"]
[PlyCount "81"]
[EventDate "2021.??.??"]
[WhiteTeam "SV Oberursel"]
[BlackTeam "SK Langen"]

1. e4 c5 2. Nf3 d6 3. Nc3 Nf6 4. Bc4 e6 5. d4 cxd4 6. Nxd4 a6 7. a4 b6 8. Be3
Be7 9. f3 Bb7 10. Bxe6 fxe6 11. Nxe6 Qc8 12. Nxg7+ Kf7 13. Nf5 Qc6 14. Bd4 Nbd7
15. g4 h6 16. Qd2 Bf8 17. Qf4 Re8 18. O-O-O Ne5 19. Nd5 Rc8 20. Bc3 Ng6 21. Qg3
Nxd5 22. exd5 Qc5 23. Rd4 b5 24. Rhd1 Rh7 25. h4 Rc7 26. f4 Bc8 27. Qd3 h5 28.
g5 Kg8 29. Ne3 Nxh4 30. f5 Nf3 31. g6 Rhe7 32. f6 Nxd4 33. Bxd4 Qb4 34. f7+
Rxf7 35. gxf7+ Rxf7 36. Qg6+ Bg7 37. Bxg7 Rxg7 38. Qe8+ Kh7 39. Qxh5+ Kg8 40.
Qe8+ Kh7 41. Rh1+ 1-0

[Event "Sparkassen-Open A"]
[Site "Heusenstamm, Martinsee"]
[Date "2021.11.18"]
[Round "1.28"]
[White "Bardorz, Jana"]
[Black "Adocchio, Giampiero"]
[Result "1-0"]
[WhiteElo "1851"]
[BlackElo "2168"]
[PlyCount "61"]
[EventDate "2021.??.??"]
[WhiteTeam "TSV Rottendorf"]
[BlackTeam "Mosbacher SC"]

1. e4 e6 2. d4 d5 3. Nd2 c5 4. exd5 Qxd5 5. Ngf3 cxd4 6. Bc4 Qd6 7. O-O Nf6 8.
Nb3 Nc6 9. Nbxd4 Nxd4 10. Nxd4 Be7 11. c3 O-O 12. Qf3 Qc7 13. Bd3 Bd7 14. Bf4
Bd6 15. Bxd6 Qxd6 16. Rad1 Qb6 17. Rd2 Rfe8 18. Re1 Rad8 19. Qg3 h6 20. h3 Qa5
21. Bb1 Bc8 22. Red1 Rd5 23. b4 Qb6 24. c4 Rdd8 25. Qc3 a6 26. Nf3 Qc7 27. Ne5
Rxd2 28. Rxd2 Nd5 29. Qb2 Nxb4 30. Qxb4 Qxe5 31. Qe7 1-0

[Event "Sparkassen-Open A"]
[Site "Heusenstamm, Martinsee"]
[Date "2021.11.18"]
[Round "1.29"]
[White "Kather, Yannick"]
[Black "Makilla, Tobias"]
[Result "1/2-1/2"]
[WhiteElo "2147"]
[BlackElo "1924"]
[PlyCount "156"]
[EventDate "2021.??.??"]
[WhiteTeam "SW Lichtenrade"]
[BlackTeam "SC Hattersheim"]

1. e4 g6 2. d4 Bg7 3. Nc3 d6 4. Nf3 a6 5. a4 Nc6 6. Bc4 e5 7. dxe5 Nxe5 8. Nxe5
Bxe5 9. O-O Be6 10. Nd5 c6 11. f4 Bg7 12. Ne3 Nf6 13. f5 Bxc4 14. Nxc4 Nxe4 15.
Qf3 gxf5 16. Qxf5 O-O 17. Ra3 d5 18. Rh3 h6 19. Rxh6 Bxh6 20. Bxh6 Qh4 21. Bxf8
Rxf8 22. Ne5 Qg5 23. Nxf7 Qxf5 24. Nh6+ Kh7 25. Nxf5 b5 26. axb5 cxb5 27. g4
Rc8 28. c3 b4 29. Ne7 Rc5 30. cxb4 Rb5 31. Rf4 Nd2 32. Kg2 Nc4 33. Nxd5 Nxb2
34. Rd4 Kg7 35. h4 Nc4 36. Nc7 Rxb4 37. Rd7+ Kg6 38. Nxa6 Ne3+ 39. Kf3 Rxg4 40.
Kxe3 Rxh4 41. Nc5 Rh1 42. Ne4 Re1+ 43. Kf4 Rf1+ 44. Ke5 Ra1 45. Rd6+ Kg7 46.
Ng3 Ra5+ 47. Kf4 Ra4+ 48. Kg5 Ra5+ 49. Nf5+ Kf7 50. Rd1 Ke6 51. Rd6+ Ke5 52.
Rd1 Ke6 53. Re1+ Kd5 54. Ne7+ Kd6+ 55. Kf6 Ra2 56. Re5 Rf2+ 57. Nf5+ Kc6 58.
Ke6 Rh2 59. Nd4+ Kb6 60. Kd5 Rh1 61. Re6+ Kc7 62. Rf6 Rh5+ 63. Nf5 Rh1 64. Rf7+
Kb6 65. Nd4 Rh5+ 66. Kd6 Rh6+ 67. Ne6 Rh1 68. Rf4 Rd1+ 69. Nd4 Rh1 70. Rf5 Rh6+
71. Ne6 Rh1 72. Rd5 Rh6 73. Re5 Rh1 74. Nf8 Rd1+ 75. Ke7 Kc6 76. Ra5 Rh1 77.
Rg5 Rh2 78. Ne6 Rh7+ 1/2-1/2

[Event "Sparkassen-Open A"]
[Site "Heusenstamm, Martinsee"]
[Date "2021.11.18"]
[Round "1.30"]
[White "Knödler, Marcel"]
[Black "Heimrath, Reiner"]
[Result "0-1"]
[WhiteElo "1857"]
[BlackElo "2169"]
[PlyCount "104"]
[EventDate "2021.??.??"]
[WhiteTeam "Wiesbadener SV"]
[BlackTeam "SC Noris-Tarrasch Nürnberg"]

1. d4 Nf6 2. Nf3 g6 3. Bf4 Bg7 4. e3 d6 5. Be2 O-O 6. O-O b6 7. a4 a5 8. Na3
Bb7 9. c4 Nbd7 10. Rc1 Re8 11. h3 Ne4 12. Bh2 e5 13. Nb5 c6 14. Nc3 Nxc3 15.
bxc3 Qe7 16. Re1 c5 17. d5 e4 18. Nd2 f5 19. Nf1 Ba6 20. f4 exf3 21. gxf3 Ne5
22. Bxe5 Bxe5 23. f4 Bf6 24. Bd3 Kh8 25. Re2 Qg7 26. Qc2 Ra7 27. Rg2 Qh6 28.
Kh2 Rg7 29. Qf2 Bc8 30. Qf3 Bd7 31. Rb2 Bd8 32. Ra1 Qh4 33. Rg2 Qf6 34. Re2
Reg8 35. Ng3 Rf7 36. Raa2 Qg7 37. Nf1 Bf6 38. Ra3 g5 39. fxg5 Bxg5 40. Rg2 Qe5+
41. Kh1 Rf6 42. Qg3 Qe7 43. h4 Rh6 44. Rb3 Rxh4+ 45. Nh2 Rg6 46. Rxb6 Bxe3 47.
Rb8+ Kg7 48. Qf3 Bf4 49. Qe2 Be5 50. Rb7 Rxg2 51. Qxg2+ Kh6 52. Bxf5 Bxh2 0-1

[Event "Sparkassen-Open A"]
[Site "Heusenstamm, Martinsee"]
[Date "2021.11.18"]
[Round "1.31"]
[White "Bakiev, Diyor"]
[Black "Sittinger, Lutz"]
[Result "1-0"]
[WhiteElo "2107"]
[BlackElo "1915"]
[PlyCount "53"]
[EventDate "2021.??.??"]
[WhiteTeam "Wiesbadener SV"]
[BlackTeam "SK Mainaschaff"]

1. e4 e5 2. Nf3 Nc6 3. Bb5 a6 4. Ba4 b5 5. Bb3 Bc5 6. O-O d6 7. c3 Nf6 8. Re1
O-O 9. d4 exd4 10. cxd4 Bb6 11. h3 h6 12. Nc3 Bb7 13. e5 dxe5 14. dxe5 Qxd1 15.
Rxd1 Nh7 16. Nd5 Ba5 17. Bd2 Rad8 18. Bxa5 Nxa5 19. Ne7+ Kh8 20. Rxd8 Rxd8 21.
Bxf7 g5 22. e6 Bxf3 23. gxf3 Nf6 24. Re1 Rb8 25. Nf5 Nc4 26. e7 Ne8 27. Re6 1-0

[Event "Sparkassen-Open A"]
[Site "Heusenstamm, Martinsee"]
[Date "2021.11.18"]
[Round "1.32"]
[White "Bahlo, Jens"]
[Black "Wolf, Ulrich Martin"]
[Result "1-0"]
[WhiteElo "1908"]
[BlackElo "2152"]
[PlyCount "71"]
[EventDate "2021.??.??"]
[WhiteTeam "SK Gießen"]
[BlackTeam "SC Hansa Dortmund"]

1. e4 c5 2. d3 Nc6 3. Be2 g6 4. f4 d5 5. Nf3 Bg7 6. O-O d4 7. Nbd2 Nf6 8. Nc4
Qc7 9. Qe1 b5 10. Nce5 Nd7 11. Nxc6 Qxc6 12. Qg3 Qc7 13. Bd2 Bb7 14. a4 a6 15.
Qg4 Qd6 16. e5 Qc6 17. Ng5 h5 18. Qg3 e6 19. Ne4 Bf8 20. Bf3 Qc8 21. Qg5 Bxe4
22. Bxe4 Be7 23. Qg3 Rb8 24. axb5 axb5 25. Ra7 Bd8 26. Rfa1 Bb6 27. Ra8 Kf8 28.
Rxb8 Nxb8 29. Ba5 Nd7 30. Bxb6 Nxb6 31. Ra7 Qd8 32. Bxg6 fxg6 33. Qxg6 Nd7 34.
Qxe6 Rh7 35. Qd6+ Qe7 36. Rxd7 1-0

[Event "Sparkassen-Open A"]
[Site "Heusenstamm, Martinsee"]
[Date "2021.11.18"]
[Round "1.33"]
[White "Gramb, Marius"]
[Black "Hoppstädter, Daniel"]
[Result "0-1"]
[WhiteElo "2131"]
[BlackElo "1760"]
[PlyCount "80"]
[EventDate "2021.??.??"]
[WhiteTeam "Brühler SK"]
[BlackTeam "SC Illingen"]

1. d4 Nf6 2. c4 c5 3. d5 e6 4. Nc3 exd5 5. cxd5 d6 6. g3 g6 7. Bg2 Bg7 8. Nf3
O-O 9. O-O Re8 10. Bf4 a6 11. a4 Qc7 12. Nd2 Nh5 13. Be3 Nd7 14. Nc4 Ne5 15.
Na3 Bd7 16. h3 f5 17. Kh2 Rab8 18. Qc1 b5 19. axb5 axb5 20. Nd1 b4 21. Nc4 Bb5
22. Nxe5 Bxe5 23. f4 Bg7 24. Bf3 Nf6 25. Nf2 Nd7 26. Ra2 Nb6 27. b3 Qe7 28. Nd1
Ra8 29. Rxa8 Rxa8 30. Qc2 Ra1 31. Bf2 Qa7 32. Ne3 Ra2 33. Qd1 Qa6 34. Nc2 Rb2
35. g4 Qa2 36. Nxb4 cxb4 37. Bxb6 Bxe2 38. Bxe2 Rxe2+ 39. Kg3 Rg2+ 40. Kh4
Rxg4+ 0-1

[Event "Sparkassen-Open A"]
[Site "Heusenstamm, Martinsee"]
[Date "2021.11.18"]
[Round "1.34"]
[White "Ehrlacher, Markus"]
[Black "Kleibel, Uwe"]
[Result "0-1"]
[WhiteElo "1902"]
[BlackElo "2149"]
[PlyCount "64"]
[EventDate "2021.??.??"]
[WhiteTeam "SC Iffezheim"]
[BlackTeam "SC Bavaria Regensburg von 1881"]

1. c4 c6 2. Nf3 d5 3. b3 Bf5 4. g3 Nf6 5. Bg2 e6 6. O-O h6 7. Bb2 Be7 8. d3 O-O
9. Nbd2 a5 10. a3 Nbd7 11. Rc1 Bh7 12. Rc2 Re8 13. Qa1 c5 14. cxd5 exd5 15. Ne5
Nxe5 16. Bxe5 Qd7 17. a4 Rac8 18. Rcc1 b6 19. h3 Rc6 20. Rfd1 Re6 21. e4 Bd8
22. f4 d4 23. Bxf6 Rxf6 24. e5 Rfe6 25. Be4 f6 26. Bxh7+ Kxh7 27. Nc4 fxe5 28.
Nxe5 Rxe5 29. fxe5 Qxh3 30. Qb2 Bg5 31. Rc2 Be3+ 32. Rf2 Rxe5 0-1

[Event "Sparkassen-Open A"]
[Site "Heusenstamm, Martinsee"]
[Date "2021.11.18"]
[Round "1.35"]
[White "Iliev, Mustafa Batuhan"]
[Black "Mohr, Thomas"]
[Result "1-0"]
[WhiteElo "2089"]
[BlackElo "1887"]
[PlyCount "55"]
[EventDate "2021.??.??"]
[WhiteTeam "SV Großauheim"]
[BlackTeam "SC FK Babenhausen"]

1. e4 c5 2. Nf3 Nc6 3. d4 cxd4 4. Nxd4 e5 5. Nb5 d6 6. N1c3 a6 7. Na3 b5 8. Nd5
Nf6 9. Bg5 Be7 10. Bxf6 gxf6 11. c4 b4 12. Nc2 f5 13. exf5 Bxf5 14. Nce3 Bd7
15. Qh5 Qa5 16. b3 Be6 17. Bd3 O-O-O 18. O-O Rdg8 19. a3 bxa3 20. b4 Qd8 21.
Rxa3 Rg5 22. Qd1 Nb8 23. c5 Bxd5 24. Nxd5 dxc5 25. Bxa6+ Nxa6 26. Rxa6 Bd6 27.
Qa4 Bc7 28. Ra8+ 1-0

[Event "Sparkassen-Open A"]
[Site "Heusenstamm, Martinsee"]
[Date "2021.11.18"]
[Round "1.36"]
[White "Tietzen, Stefan"]
[Black "Lesny, Florian"]
[Result "0-1"]
[WhiteElo "1887"]
[BlackElo "2143"]
[PlyCount "54"]
[EventDate "2021.??.??"]
[WhiteTeam "SK Gernsheim"]
[BlackTeam "SK Niederbrechen"]

1. e4 c5 2. Nf3 d6 3. d4 cxd4 4. Nxd4 Nf6 5. Nc3 a6 6. a4 g6 7. Be2 Bg7 8. Be3
O-O 9. O-O Nc6 10. Nb3 Be6 11. f4 Rc8 12. Bf3 Nd7 13. Rf2 Nb6 14. Nd4 Nc4 15.
Nxe6 fxe6 16. Bc1 Bd4 17. Bg4 Bxf2+ 18. Kxf2 Qb6+ 19. Kg3 Nd4 20. a5 Nxb2 21.
Na4 Nxd1 22. Nxb6 Rc3+ 23. Kh4 Ne3 24. Bh3 Nexc2 25. Bb2 Rxh3+ 26. Kxh3 Nxa1
27. Bxd4 Nb3 0-1

[Event "Sparkassen-Open A"]
[Site "Heusenstamm, Martinsee"]
[Date "2021.11.18"]
[Round "1.37"]
[White "Pietzsch, Manuel"]
[Black "Nemitz, Alfred"]
[Result "1-0"]
[WhiteElo "2137"]
[BlackElo "1463"]
[PlyCount "109"]
[EventDate "2021.??.??"]
[WhiteTeam "SG Leipzig"]
[BlackTeam "USV Potsdam"]

1. e4 e5 2. Nf3 Nc6 3. Bb5 a6 4. Ba4 Nf6 5. Qe2 Be7 6. O-O b5 7. Bb3 d6 8. c3
O-O 9. Rd1 Na5 10. Bc2 c5 11. d3 Bg4 12. h3 Bh5 13. Nbd2 Re8 14. Nf1 Qc7 15. g4
Bg6 16. Ng3 Bf8 17. Nh4 d5 18. Nhf5 dxe4 19. dxe4 Nb7 20. Bg5 Qb6 21. Qf3 Nd8
22. Ne3 Re6 23. Ngf5 Qb7 24. Nd5 Nxd5 25. exd5 Rb6 26. Be4 Bd6 27. Be3 Bxf5 28.
gxf5 b4 29. c4 f6 30. Kh2 Rc8 31. Rg1 Nf7 32. Rg4 Bf8 33. Rh4 Nd6 34. Qh5 h6
35. Rg1 Kh8 36. Rg6 Nf7 37. d6 Qd7 38. Bd5 Ng5 39. Bxg5 Qxf5 40. Be3 Qxh5 41.
Rxh5 Rxd6 42. Kg2 Kh7 43. Be4 Kh8 44. Bc2 Rc7 45. Kf3 a5 46. Rh4 Ra6 47. b3 Rd6
48. Rhg4 Rd4 49. Bxd4 cxd4 50. Ke4 Rc5 51. f4 Kh7 52. fxe5 fxe5 53. Re6 a4 54.
Rxe5 axb3 55. axb3 1-0

[Event "Sparkassen-Open A"]
[Site "Heusenstamm, Martinsee"]
[Date "2021.11.18"]
[Round "1.38"]
[White "van den Hoff, Damian"]
[Black "Haack, Kevin"]
[Result "1-0"]
[WhiteElo "1879"]
[BlackElo "2100"]
[PlyCount "55"]
[EventDate "2021.??.??"]
[WhiteTeam "VL Niederlande"]
[BlackTeam "SV Hofheim"]

1. e4 c6 2. d4 d5 3. e5 Bf5 4. h4 h5 5. c4 e6 6. Nc3 Nd7 7. Be3 Ne7 8. Bd3 dxc4
9. Bxc4 b5 10. Bb3 b4 11. Nce2 Nb6 12. Bg5 Qc7 13. Ng3 Bg6 14. Bxe7 Bxe7 15.
Rc1 Rd8 16. Nf3 O-O 17. Ng5 Qd7 18. Ne2 c5 19. Nf4 Bxg5 20. hxg5 cxd4 21. Nxh5
Qb5 22. Qd2 Qxe5+ 23. Kf1 a5 24. Re1 Qb5+ 25. Kg1 a4 26. Nf6+ gxf6 27. gxf6 Qf5
28. Rh8+ 1-0

[Event "Sparkassen-Open A"]
[Site "Heusenstamm, Martinsee"]
[Date "2021.11.18"]
[Round "1.39"]
[White "Hagner, Bennet"]
[Black "Stock, Jürgen"]
[Result "0-1"]
[WhiteElo "2096"]
[BlackElo "1874"]
[PlyCount "94"]
[EventDate "2021.??.??"]
[WhiteTeam "Frankfurter TV"]
[BlackTeam "SC Steinbach"]

1. e4 e6 2. d4 d5 3. Nc3 Nf6 4. e5 Nfd7 5. f4 c5 6. Nf3 Nc6 7. Be3 a6 8. Qd2
Be7 9. dxc5 Nxc5 10. Qf2 Qa5 11. Qd2 b5 12. Bd3 Bb7 13. Ne2 Nxd3+ 14. cxd3 Bb4
15. Nc3 O-O 16. Nd4 Rac8 17. O-O Nxd4 18. Bxd4 Bc5 19. Bxc5 Rxc5 20. Qe3 Rfc8
21. f5 b4 22. f6 Qd8 23. Ne2 d4 24. Nxd4 Rd5 25. Qg5 Qf8 26. Rf4 h6 27. Qg3 g5
28. h4 Rxd4 29. Rxd4 Rc2 30. hxg5 Rxg2+ 31. Qxg2 Bxg2 32. Kxg2 Qc5 33. Rd8+ Kh7
34. Re1 hxg5 35. Kg3 Qc2 36. Rh1+ Kg6 37. Rh2 Qc1 38. Re2 Qg1+ 39. Kf3 Kf5 40.
Rg2 g4+ 41. Kg3 Qe3+ 42. Kh2 Qxe5+ 43. Rg3 Qxb2+ 44. Rg2 Qe5+ 45. Rg3 Qxf6 46.
Ra8 Qh4+ 47. Kg2 Kf6 0-1